000 01074nam0a22002771 4500
001 rc\428894
005 20250621082528.0
010 _a5-279-00058-2
_96900
035 _a(NLR Aleph) 005675728
090 _a7021743
_c7021743
100 _a20030616d1988 |||y0rusy50 ca
101 0 _arus
102 _aRU
105 _aa |||||||||
200 1 _aИерархических кластер-анализ и соответствия
_fПеревод с фр. Б.Г. Миркина
_gПредисл. С.А. Айвазяна, Б.Г. Миркина
210 _aМ.
_cФинансы и статистика
_d1988
215 _a342 с.
_cил.
_d21
225 1 _aМатематико-статистические методы за рубежом
320 _aБиблиогр. в конце глав
320 _aПеревод изд.: Classification automatique pour l'analyse des donnees / Michel Jambu (Dunod)
700 1 _aЖамбю
_bМ.
_gМишель
801 0 _aRU
_bNLR
_gpsbo
801 1 _aRU
_bELAR
_2rusmarc
852 _aNLR
_j88-5/3341
942 _cBOOK
980 _aNB